000 00315 a2200145 4500
001 179670
020 _a
040 _cMagnum
100 _aSa, A. Lopes de
240 1 0 _aA turminha da d. cynara
_lpor
245 1 0 _aA turminha da d. cynara
362 0 _a1899
697 _aMAGNITO: IJ/PARADIDATICO
942 _cBK
999 _c179670
_d179670